El Mestre José Granero / Marta Carrasco Benítez
Descripción Física:
114 + 4 p. : il, negre i col. ; 28 cm
Colección:
Premis d'Honor ; 2
MARC
| LEADER | 00000nam a2200000Ia 4500 | ||
|---|---|---|---|
| 001 | 12433 | ||
| 008 | 160829s1999 xx 000 0 cat d | ||
| 080 | |a B-1-62 | ||
| 100 | |a Carrasco Benítez, Marta |9 20171 | ||
| 245 | |a El Mestre José Granero / Marta Carrasco Benítez | ||
| 260 | |a Barcelona : |b Institut del Teatre. Diputació de Barcelona, |c 1999 | ||
| 300 | |a 114 + 4 p. : |b il, negre i col. ; |c 28 cm | ||
| 490 | |a Premis d'Honor ; 2 | ||
| 590 | |a José Granero, premi d'honor de l'Institut del Teatre 1996 en la categoria de dansa i coreografia. | ||
| 590 | |a Textos en català i castellà | ||
| 650 | |a Granero, José |x Intervius |9 20172 | ||
| 650 | |a Dansa |x Espanya |x S. XX |9 20173 | ||
| 710 | 1 | |a Institut del Teatre (Barcelona, Catalunya) |9 52662 | |
| 901 | |a Arxiu | ||
| 942 | |n 1 | ||
| 952 | |0 0 |1 0 |4 0 |6 B162 |7 1 |9 41474 |a Arxiu |b Arxiu |d 2016-12-01 |l 0 |o B-1-62 |p 12433 |r 2016-12-01 00:00:00 |w 2016-12-01 |y ARXIU | ||
| 999 | |c 43282 |d 43282 | ||